Principles of economics

שמור ב:
מידע ביבליוגרפי
מחבר ראשי: Case, Karl E
פורמט: ספר
שפה:Undetermined
יצא לאור: New Jersey Prentice Hall 1994
נושאים:
תגים: הוספת תג
אין תגיות, היה/י הראשונ/ה לתייג את הרשומה!
Thư viện lưu trữ: Trung tâm Học liệu Trường Đại học Cần Thơ
LEADER 00512nam a2200193Ia 4500
001 CTU_16
008 210402s9999 xx 000 0 und d
020 |b 628.000đ 
082 |a 330 
082 |b C337 
100 |a Case, Karl E 
245 0 |a Principles of economics 
245 0 |c Karl E Case, Ray C Fair 
260 |a New Jersey 
260 |b Prentice Hall 
260 |c 1994 
650 |a economics 
904 |i Nguyễn Quang Điền, 961012 
980 |a Trung tâm Học liệu Trường Đại học Cần Thơ